| 000 | 03609nam0a2200409 4500 | ||
|---|---|---|---|
| 001 | RU\NLR\BIBL_A\022713911 | ||
| 005 | 20260407125032.0 | ||
| 021 |
_aRU _bКН-П-25-075566 _9КН-П-25-7326 |
||
| 035 | _a(NLR Aleph) 022713911 | ||
| 090 |
_a13653557 _c13653557 |
||
| 100 | _a20260130d2022 k y0rusy50 ca | ||
| 101 | 0 |
_arus _deng |
|
| 102 | _aRU | ||
| 105 | _aab z 110yy | ||
| 181 | 0 |
_ai3 _baxxe |
|
| 182 | 0 | _an | |
| 200 | 1 |
_aТруды Ферсмановской научной сессии ГИ КНЦ РАН № 19, 2022 _e[труды XXI Всероссийской Ферсмановской научной сессии, посвященной 105-летию со дня рождения д. г.-м. н. Игоря Владимировича Белькова и 100-летию со дня рождения д. г.-м. н. Ии Дмитриевны Батиевой] _fФедеральное государственное бюджетное учреждение науки Федеральный исследовательский центр "Кольский научный центр Российской академии наук", Геологический институт |
|
| 203 |
_aТекст _bвизуальный _cнепосредственный |
||
| 210 |
_aАпатиты _cГеологический институт Кольского научного центра РАН _d2022 |
||
| 215 |
_a437 с. _cил., цв. ил., карт., табл. _d29 |
||
| 300 | _aНа обороте тит. л. и обл.: ISSN 2074-2479 | ||
| 300 | _aРез. англ. | ||
| 320 | _aБиблиогр. в конце ст. | ||
| 330 | _aВ издании представлены материалы ежегодных Ферсмановских научных сессий, проводимых в Федеральном государственном бюджетном учреждении науки Геологическом институте Кольского научного центра Российской академии наук. Выпуски посвящены новейшим результатам исследований по истории геологического освоения, общей и экспериментальной минералогии, геохимии, геоэкологии, геофизике и геологии месторождений стратегических полезных ископаемых Кольского п-ова. Издание представляет интерес для геологов широкого профиля, аспирантов и студентов геологических специальностей | ||
| 606 | 1 |
_aГеология _jСъезды, совещания и т.п _2nlr_sh1 _2nlr_sh2 _3RU\NLR\AUTH\666905 |
|
| 607 |
_aКольский полуостров (Северо-Запад Европейской части РФ) _xГеология _jСъезды, совещания и т.п _2nlr_sh1 _2nlr_sh2 _3RU\NLR\AUTH\6669857 |
||
| 675 |
_a55(470.13)(082) _v4 |
||
| 686 | 1 | _aД3я431(2) | |
| 686 | 1 | _aД59(2Р31-4Му)я431(2) | |
| 702 | 1 |
_aБельков _bИ. В. _f1917-1989 _gИгорь Владимирович _4280 |
|
| 702 | 1 |
_aБатиева _bИ.Д. _f1922- _gИя Дмитриевна |
|
| 710 | 1 | 2 |
_aВсероссийская Ферсмановская научная сессия _d19 _f2022 _eАпатиты _3RU\NLR\AUTH\880638600 |
| 942 | _cBOOK | ||
| 980 | _aNB | ||